000
00244pam a2200121 a 4500
020
_c
041
_h
100
_a
Page one.
245
_a
Infinite Illustraion
260
_a
[s.l]:
_b
Page one,
_c
2014.
300
_a
240:
_b
Hard.
930
_a
7463
999
_c
241253
_d
241253